| 000 | 01390nam a2200337 c 4500 | ||
|---|---|---|---|
| 003 | BLK | ||
| 005 | 20230828163907.0 | ||
| 008 | 180410b bul|||||r ||||||| ||bul|| | ||
| 010 | _aKNG00159517000 | ||
| 040 | _aBLK | ||
| 041 |
_aBUL _cBUL |
||
| 080 |
_aСтатистиката като наука. Теория на статистиката _b311 _x:338(497.2) _z311:338(497.2) |
||
| 100 | 1 |
_aШапкарев, Петър Климентов _eпърви автор _9377730 |
|
| 139 |
_aШапкарев, Петър Климентов _bШ 29 |
||
| 245 | 1 | 0 |
_aОбръщението на обществения продукт в НР България _bСтатистико-икон. етюд _cПетър Климентов Шапкарев. |
| 257 | _aBGR | ||
| 260 |
_bНаука и изкуство _c1987 _fЯмбол : ДП Г. Димитров |
||
| 300 |
_a220 с. _bс табл. _c22 см |
||
| 380 | _a3 | ||
| 500 | _a917 тир. - Библиогр. с. 212-215 | ||
| 650 | 4 |
_aИкономика - България _9277745 |
|
| 653 | _aстатистика | ||
| 653 | _aикономика | ||
| 852 | _aЦб 147864 | ||
| 856 | 4 | _qpdf | |
| 856 | 4 | _qpdf | |
| 942 |
_cKNG _n0 |
||
| 944 |
_aCR _c09.04.2014 _lДиана Гривева _k30529 |
||
| 944 |
_aED _c09.04.2014 _l09.04.2014 - от С1,Р / 09.04.2014 |
||
| 999 |
_c152998 _d152998 |
||
| 999 | _d152998 | ||